[Event "DVM U20w 2018"]
[Site "Osnabrück GER"]
[Date "2018.12.30"]
[Round "7"]
[White "Li, Zhuoling"]
[Black "Klenk, Sofie"]
[Result "1-0"]
[Termination "normal"]
[Board "1.1"]
[WhiteTitle "WFM"]
[WhiteElo "2076"]
[BlackElo "1810"]
[WhiteClock "01:01:41"]
[BlackClock "00:12:50"]
[WhiteTeam "SV Stuttgart-Wolfbusch"]
[BlackTeam "SC Bavaria Regensburg"]
[PlyCount "41"]
[WhiteFideId "8605629"]
[BlackFideId "12996653"]
[EventCountry "GER"]
[EventRounds "7"]
[EventType "team-swiss"]
[EventDate "2018.12.26"]

1. e4 c5 2. Nf3 e6 3. d4 cxd4 4. Nxd4 a6 5. Nc3 Qc7 6. Be2 Nf6 7. O-O d6 8. a4
b6 9. f4 Nbd7 10. Bf3 Bb7 11. Kh1 Be7 12. g4 h6 13. Qe2 Rc8 14. g5 hxg5 15.
fxg5 Nxe4 16. Nxe4 d5 17. g6 fxg6 18. Nxe6 Qxc2 19. Nd6+ Bxd6 20. Nc7+ Kd8 21.
Qxc2 1-0

[Event "DVM U20w 2018"]
[Site "Osnabrück GER"]
[Date "2018.12.30"]
[Round "7"]
[White "Kobald, Jacqueline"]
[Black "Oberhofer, Marie"]
[Result "1-0"]
[Termination "normal"]
[Board "1.3"]
[WhiteElo "1797"]
[BlackElo "1731"]
[WhiteClock "00:16:28"]
[BlackClock "00:01:07"]
[WhiteTeam "SV Stuttgart-Wolfbusch"]
[BlackTeam "SC Bavaria Regensburg"]
[PlyCount "97"]
[WhiteFideId "12988162"]
[BlackFideId "12938165"]
[EventCountry "GER"]
[EventRounds "7"]
[EventType "team-swiss"]
[EventDate "2018.12.26"]

1. e4 c5 2. Nf3 d6 3. d4 cxd4 4. Nxd4 Nf6 5. Nc3 g6 6. Be3 Bg7 7. f3 O-O 8. Qd2
Nc6 9. O-O-O d5 10. exd5 Nxd5 11. Nxc6 bxc6 12. Bd4 Bxd4 13. Qxd4 Qb6 14. Na4
Qc7 15. g3 Qa5 16. b3 Bf5 17. Qc5 Qc7 18. Bd3 Bxd3 19. Rxd3 Nb6 20. Nc3 Rfd8
21. Rhd1 Rxd3 22. Rxd3 Re8 23. f4 Nd7 24. Qg5 Nf6 25. f5 Rd8 26. Qd2 Rxd3 27.
Qxd3 Qd6 28. Qxd6 exd6 29. Ne2 c5 30. fxg6 hxg6 31. c4 Kf8 32. Kc2 Ke7 33. Nf4
Nd7 34. Kd3 Nb6 35. h4 Kf8 36. g4 Ke7 37. Ke4 Kd7 38. h5 gxh5 39. gxh5 Ke7 40.
Kf5 Kf8 41. Nd5 Nd7 42. Nc7 Ke7 43. h6 Ne5 44. h7 Ng6 45. Nd5+ Kf8 46. Kf6 Nh8
47. Nf4 a6 48. a3 a5 49. a4 1-0

[Event "DVM U20w 2018"]
[Site "Osnabrück GER"]
[Date "2018.12.30"]
[Round "7"]
[White "Wetzler, Sophia"]
[Black "Liu, Sijia Anna"]
[Result "1/2-1/2"]
[Termination "normal"]
[Board "1.4"]
[WhiteElo "1719"]
[BlackElo "1607"]
[WhiteClock "00:23:52"]
[BlackClock "00:16:19"]
[WhiteTeam "SC Bavaria Regensburg"]
[BlackTeam "SV Stuttgart-Wolfbusch"]
[PlyCount "116"]
[WhiteFideId "12951960"]
[BlackFideId "12989746"]
[EventCountry "GER"]
[EventRounds "7"]
[EventType "team-swiss"]
[EventDate "2018.12.26"]

1. e4 c5 2. Nf3 e6 3. d4 cxd4 4. Nxd4 Nf6 5. Nc3 d6 6. h3 Be7 7. Be3 a6 8. Be2
Nc6 9. O-O O-O 10. f4 Qc7 11. Bf3 Bd7 12. Qe1 Nxd4 13. Bxd4 Bc6 14. Rd1 b5 15.
e5 dxe5 16. Bxe5 Qb6+ 17. Bd4 Qb7 18. f5 Bxf3 19. Rxf3 b4 20. Nb1 exf5 21. Rxf5
Qc7 22. c3 a5 23. Re5 Bd6 24. Rg5 h6 25. Rf5 Rae8 26. Qd2 Ne4 27. Qd3 Bh2+ 28.
Kh1 Ng3+ 29. Kxh2 Nxf5+ 30. Kg1 Nxd4 31. cxd4 Re6 32. Nd2 Rfe8 33. Nf3 Re2 34.
Rd2 R8e3 35. Qxe2 Rxe2 36. Rxe2 Qc4 37. Rd2 Qd5 38. b3 g5 39. Re2 f6 40. Rd2 h5
41. Kf2 g4 42. hxg4 hxg4 43. Ne1 Kf7 44. Nc2 g3+ 45. Ke3 f5 46. Kd3 Qe4+ 47.
Kc4 Qc6+ 48. Kd3 Qc3+ 49. Ke2 f4 50. Ne1 Qe3+ 51. Kd1 Qg1 52. d5 Ke7 53. d6+
Kd7 54. Ke2 Qf2+ 55. Kd1 Qf1 56. Rd3 Qf2 57. Rd2 Qg1 58. Ke2 Qf2+ 1/2-1/2

[Event "DVM U20w 2018"]
[Site "Osnabrück GER"]
[Date "2018.12.30"]
[Round "7"]
[White "Simon, Tessa"]
[Black "Miljkovic, Jovana"]
[Result "0-1"]
[Termination "normal"]
[Board "2.1"]
[BlackTitle "WFM"]
[WhiteElo "1929"]
[BlackElo "1993"]
[WhiteClock "00:00:40"]
[BlackClock "00:03:30"]
[WhiteTeam "Muldental Wilkau-Haßlau"]
[BlackTeam "SV Lingen"]
[PlyCount "78"]
[WhiteFideId "12929395"]
[BlackFideId "958336"]
[EventCountry "GER"]
[EventRounds "7"]
[EventType "team-swiss"]
[EventDate "2018.12.26"]

1. e4 c5 2. Nf3 d6 3. d4 cxd4 4. Nxd4 Nf6 5. Nc3 a6 6. f3 e6 7. Be3 b5 8. Qd2
Bb7 9. g4 Nfd7 10. Nb3 Nc6 11. O-O-O Rc8 12. Kb1 Nce5 13. Qg2 Nb6 14. f4 Ned7
15. Bd3 Rxc3 16. bxc3 Na4 17. Bd4 Qc7 18. c4 bxc4 19. Bxc4 Qxc4 20. Rhe1 Ndc5
21. Nxc5 dxc5 22. Ba1 Qb4+ 23. Kc1 Qa3+ 24. Kd2 c4 25. Re3 Bb4+ 26. Ke2 Qxa2
27. Kf1 O-O 28. Be5 c3 29. f5 f6 30. Bg3 Bc5 31. Re2 Bc6 32. Qf3 Bb5 33. Kg2
Bxe2 34. Qxe2 Nb6 35. h4 Nc4 36. Bf2 Bxf2 37. Kxf2 Ne5 38. Kg3 exf5 39. exf5
Qc4 0-1

[Event "DVM U20w 2018"]
[Site "Osnabrück GER"]
[Date "2018.12.30"]
[Round "7"]
[White "Mönster, Madita"]
[Black "Moses, Selina"]
[Result "1/2-1/2"]
[Termination "normal"]
[Board "2.2"]
[WhiteElo "1869"]
[BlackElo "1922"]
[WhiteClock "00:05:18"]
[BlackClock "00:10:38"]
[WhiteTeam "SV Lingen"]
[BlackTeam "Muldental Wilkau-Haßlau"]
[PlyCount "115"]
[WhiteFideId "12947156"]
[BlackFideId "12908070"]
[EventCountry "GER"]
[EventRounds "7"]
[EventType "team-swiss"]
[EventDate "2018.12.26"]

1. e4 d6 2. d4 Nf6 3. Nc3 e5 4. Bc4 Nbd7 5. Nge2 c6 6. a4 g6 7. O-O Bg7 8. Bg5
O-O 9. Qd2 Qc7 10. Ba2 Re8 11. Rae1 Nf8 12. d5 Bd7 13. Kh1 c5 14. f4 exf4 15.
Qxf4 Ng4 16. Qxf7+ Kh8 17. h3 h6 18. Bh4 Ne5 19. Qf2 g5 20. Bg3 Nfg6 21. Qe3
Rf8 22. Nc1 Qd8 23. Nd3 Qe7 24. Nxe5 Nxe5 25. Nb5 Rxf1+ 26. Rxf1 Be8 27. c3 a6
28. Na3 Bxa4 29. Nc4 Nxc4 30. Bxc4 Bd7 31. Be2 Rf8 32. Rxf8+ Qxf8 33. e5 dxe5
34. Bxe5 Qe8 35. Bxg7+ Kxg7 36. Qxe8 Bxe8 37. Bg4 Kf6 38. Bc8 b6 39. Bxa6 Ke5
40. c4 Ba4 41. Kh2 Bd7 42. Kg3 Bf5 43. h4 Bd7 44. hxg5 hxg5 45. Bb7 Bf5 46. Bc6
Bc8 47. Kf3 Bf5 48. Ke3 Kd6 49. Kd2 Be4 50. g3 Bf5 51. Kc3 Bg4 52. Kb3 Bd1+ 53.
Ka3 Be2 54. b3 Bd1 55. b4 Be2 56. Kb3 Bd1+ 57. Kc3 Be2 58. b5 1/2-1/2

[Event "DVM U20w 2018"]
[Site "Osnabrück GER"]
[Date "2018.12.30"]
[Round "7"]
[White "Von Jan, Lena"]
[Black "Möller, Hannah"]
[Result "1/2-1/2"]
[Termination "normal"]
[Board "2.3"]
[WhiteElo "1520"]
[BlackElo "1846"]
[WhiteClock "00:06:20"]
[BlackClock "00:07:37"]
[WhiteTeam "Muldental Wilkau-Haßlau"]
[BlackTeam "SV Lingen"]
[PlyCount "71"]
[WhiteFideId "12946060"]
[BlackFideId "1270514"]
[EventCountry "GER"]
[EventRounds "7"]
[EventType "team-swiss"]
[EventDate "2018.12.26"]

1. e4 c5 2. Nf3 d6 3. Bb5+ Bd7 4. Bxd7+ Nxd7 5. O-O Ngf6 6. Re1 g6 7. c3 Bg7 8.
d4 e6 9. Nbd2 O-O 10. Nf1 b5 11. a4 a6 12. Ng3 Nb6 13. b3 c4 14. axb5 axb5 15.
Rxa8 Qxa8 16. Bg5 Qa2 17. bxc4 Qxc4 18. Qc1 Rc8 19. Bf4 Bf8 20. Qb1 Na4 21. Bd2
Nxc3 22. Bxc3 Qxc3 23. Qxb5 Rc4 24. Qb1 Qa5 25. h3 Nh5 26. Nf1 Nf4 27. Ne3 Rb4
28. Qd1 Qd8 29. Qd2 Rb8 30. Ng4 Nh5 31. Nh6+ Bxh6 32. Qxh6 Qf8 33. Qg5 Qd8 34.
Qh6 Qf8 35. Qg5 Qd8 36. Qh6 1/2-1/2

[Event "DVM U20w 2018"]
[Site "Osnabrück GER"]
[Date "2018.12.30"]
[Round "7"]
[White "Schäfer, Leonie"]
[Black "Wagner, Julia"]
[Result "1-0"]
[Termination "normal"]
[Board "2.4"]
[WhiteElo "1436"]
[BlackElo "1276"]
[WhiteClock "00:28:12"]
[BlackClock "00:05:06"]
[WhiteTeam "SV Lingen"]
[BlackTeam "Muldental Wilkau-Haßlau"]
[PlyCount "89"]
[WhiteFideId "16241851"]
[BlackFideId "16259351"]
[EventCountry "GER"]
[EventRounds "7"]
[EventType "team-swiss"]
[EventDate "2018.12.26"]

1. Nf3 d6 2. d4 Nf6 3. g3 g6 4. Bg2 Bg7 5. O-O O-O 6. c4 Nbd7 7. Nc3 Re8 8. Bf4
Nh5 9. Bg5 h6 10. Be3 c6 11. Qd2 Kh7 12. Rfd1 Qc7 13. Rac1 a5 14. a4 Rd8 15.
Qc2 e5 16. Qb3 Nhf6 17. Qa3 Re8 18. h3 Rb8 19. Nd2 Ra8 20. Nde4 exd4 21. Bxd4
Nxe4 22. Bxg7 Nxc3 23. Bxc3 Rxe2 24. Qxd6 Qxd6 25. Rxd6 Re8 26. Rcd1 Re6 27.
Rxd7 Bxd7 28. Rxd7 Kg8 29. Rxb7 Rd6 30. Rb6 Kh7 31. Rxc6 Rxc6 32. Bxc6 Ra6 33.
Bd5 Ra7 34. Kf1 Kg8 35. Ke2 Kf8 36. Kd3 Ke7 37. c5 Kd8 38. Kc4 Rd7 39. Bxa5+
Kc8 40. g4 g5 41. c6 Ra7 42. Kb5 Re7 43. c7 Re5 44. Kc6 Re7 45. Kd6 1-0

[Event "DVM U20w 2018"]
[Site "Osnabrück GER"]
[Date "2018.12.30"]
[Round "7"]
[White "Schumann, Rabea"]
[Black "Bashylina, Luisa"]
[Result "1/2-1/2"]
[Termination "normal"]
[Board "3.1"]
[BlackTitle "WCM"]
[WhiteElo "1922"]
[BlackElo "1846"]
[WhiteClock "00:44:08"]
[BlackClock "00:31:38"]
[WhiteTeam "SG Güstrow/Teterow"]
[BlackTeam "SG Solingen"]
[PlyCount "40"]
[WhiteFideId "12918199"]
[BlackFideId "12983292"]
[EventCountry "GER"]
[EventRounds "7"]
[EventType "team-swiss"]
[EventDate "2018.12.26"]

1. c4 e6 2. g3 d5 3. Nf3 Nf6 4. Bg2 Be7 5. O-O O-O 6. b3 Nc6 7. Bb2 Re8 8. d3
d4 9. e3 e5 10. Na3 Bc5 11. exd4 exd4 12. Nc2 Bf5 13. Qd2 a5 14. a3 Qd6 15.
Rfe1 h6 16. Kf1 Rab8 17. Rxe8+ Rxe8 18. Re1 Rxe1+ 19. Kxe1 Ng4 20. Qe2 Nge5
1/2-1/2

[Event "DVM U20w 2018"]
[Site "Osnabrück GER"]
[Date "2018.12.30"]
[Round "7"]
[White "Müdder, Melanie"]
[Black "Jörs, Pia-Milena"]
[Result "1/2-1/2"]
[Termination "normal"]
[Board "3.2"]
[WhiteElo "1863"]
[BlackElo "1586"]
[WhiteClock "00:15:25"]
[BlackClock "00:27:36"]
[WhiteTeam "SG Solingen"]
[BlackTeam "SG Güstrow/Teterow"]
[PlyCount "52"]
[WhiteFideId "12994103"]
[BlackFideId "12964646"]
[EventCountry "GER"]
[EventRounds "7"]
[EventType "team-swiss"]
[EventDate "2018.12.26"]

1. e4 c6 2. d4 d5 3. exd5 cxd5 4. c4 Nf6 5. Nc3 Nc6 6. cxd5 Nxd5 7. Bc4 Nf6 8.
Qb3 e6 9. d5 exd5 10. Nxd5 Nxd5 11. Bxd5 Bb4+ 12. Kf1 Qe7 13. Be3 O-O 14. Nf3
h6 15. h3 Bc5 16. Re1 Bxe3 17. Rxe3 Qc7 18. g3 Bf5 19. Kg2 Qd7 20. Ne5 Nxe5 21.
Rxe5 Rab8 22. g4 Bg6 23. Rhe1 Rfd8 24. Qf3 b6 25. Kg1 Rbc8 26. Bb7 Rc2 1/2-1/2

[Event "DVM U20w 2018"]
[Site "Osnabrück GER"]
[Date "2018.12.30"]
[Round "7"]
[White "Zoll, Cindy"]
[Black "Browning, Rebecca"]
[Result "0-1"]
[Termination "normal"]
[Board "3.3"]
[WhiteElo "1342"]
[BlackElo "1833"]
[WhiteClock "00:02:42"]
[BlackClock "00:50:58"]
[WhiteTeam "SG Güstrow/Teterow"]
[BlackTeam "SG Solingen"]
[PlyCount "56"]
[WhiteFideId "12964638"]
[BlackFideId "12984027"]
[EventCountry "GER"]
[EventRounds "7"]
[EventType "team-swiss"]
[EventDate "2018.12.26"]

1. f4 d6 2. e3 g6 3. Nf3 c5 4. d4 cxd4 5. exd4 Bg7 6. c3 Nf6 7. Bd3 O-O 8. O-O
Nfd7 9. f5 Nf6 10. fxg6 hxg6 11. Qe1 Nh7 12. Qg3 Nd7 13. Be3 Ndf6 14. Na3 e5
15. dxe5 Nh5 16. Qe1 dxe5 17. Rd1 Qe7 18. Bc2 b6 19. Bf2 Ba6 20. c4 Qc7 21. b3
Rae8 22. Be4 N5f6 23. Bc2 Nh5 24. Be4 N7f6 25. Bb1 e4 26. Ng5 e3 27. Bxe3 Ng4
28. Bf4 Qc5+ 0-1

[Event "DVM U20w 2018"]
[Site "Osnabrück GER"]
[Date "2018.12.30"]
[Round "7"]
[White "Berelowitsch, Dana"]
[Black "Gesell, Myriam"]
[Result "1-0"]
[Termination "normal"]
[Board "3.4"]
[WhiteElo "1769"]
[BlackElo "769"]
[WhiteClock "00:59:21"]
[BlackClock "00:03:55"]
[WhiteTeam "SG Solingen"]
[BlackTeam "SG Güstrow/Teterow"]
[PlyCount "81"]
[WhiteFideId "12977144"]
[BlackFideId "16200330"]
[EventCountry "GER"]
[EventRounds "7"]
[EventType "team-swiss"]
[EventDate "2018.12.26"]

1. e4 e5 2. Nf3 Nc6 3. Bb5 a6 4. Ba4 Nf6 5. O-O Be7 6. Re1 O-O 7. d4 exd4 8. e5
b5 9. exf6 Bxf6 10. Bb3 d6 11. Bd5 Bb7 12. Bxc6 Bxc6 13. Nxd4 Bd7 14. Nc3 c5
15. Nf3 Be6 16. Nd5 Be7 17. Nxe7+ Qxe7 18. Ng5 Rae8 19. Bf4 Rd8 20. Qd3 g6 21.
Nxe6 fxe6 22. Qe3 Rde8 23. Rad1 e5 24. Bg5 Qe6 25. Qe4 Rf7 26. Qd5 Rd7 27. Be3
c4 28. Qxe6+ Rxe6 29. Rd5 e4 30. Red1 Kf7 31. Bf4 Ke7 32. h3 h5 33. a3 Rf6 34.
Bg5 Kf7 35. Bxf6 Kxf6 36. Rxd6+ Rxd6 37. Rxd6+ Kg5 38. Rxa6 Kh6 39. Rb6 Kg5 40.
Rxb5+ Kh6 41. a4 1-0

[Event "DVM U20w 2018"]
[Site "Osnabrück GER"]
[Date "2018.12.30"]
[Round "7"]
[White "Wiesner, Paula"]
[Black "Schiewe, Nadin"]
[Result "1/2-1/2"]
[Termination "normal"]
[Board "4.1"]
[WhiteElo "1966"]
[BlackElo "1527"]
[WhiteTeam "SC Borussia Lichtenberg"]
[BlackTeam "Leegebrucher SF"]
[PlyCount "74"]
[WhiteFideId "24654019"]
[BlackFideId "16209079"]
[EventCountry "GER"]
[EventRounds "7"]
[EventType "team-swiss"]
[EventDate "2018.12.26"]

1. d4 d5 2. c4 e6 3. Nc3 c6 4. e3 f5 5. Bd3 Nf6 6. Nf3 Bd6 7. O-O O-O 8. c5 Bc7
9. b4 Ne4 10. Bb2 Nd7 11. b5 e5 12. Ne2 Nxf2 13. Rxf2 e4 14. Bc2 exf3 15. Rxf3
Nf6 16. bxc6 bxc6 17. Ng3 f4 18. Ne2 fxe3 19. h3 Nh5 20. Qd3 g6 21. Qxe3 Rxf3
22. Qxf3 Bd7 23. Rf1 Qe7 24. Bc1 Rf8 25. Qxf8+ Qxf8 26. Rxf8+ Kxf8 27. Kf2 Kf7
28. Kf3 Kf6 29. Be3 Ng7 30. g4 Ne6 31. h4 g5 32. Ng3 Bxg3 33. Kxg3 h6 34. Bf5
Bc8 35. Bxe6 Bxe6 36. hxg5+ hxg5 37. Kf3 Bc8 1/2-1/2

[Event "DVM U20w 2018"]
[Site "Osnabrück GER"]
[Date "2018.12.30"]
[Round "7"]
[White "Jacoby, Angelina"]
[Black "Hartmann, Cora"]
[Result "0-1"]
[Termination "normal"]
[Board "4.2"]
[WhiteElo "1259"]
[BlackElo "1830"]
[WhiteTeam "Leegebrucher SF"]
[BlackTeam "SC Borussia Lichtenberg"]
[PlyCount "82"]
[WhiteFideId "12999008"]
[BlackFideId "16200764"]
[EventCountry "GER"]
[EventRounds "7"]
[EventType "team-swiss"]
[EventDate "2018.12.26"]

1. d4 d5 2. Nf3 Nf6 3. e3 e6 4. Bd3 c5 5. c3 Nc6 6. Nbd2 Bd6 7. O-O O-O 8. Re1
e5 9. dxe5 Nxe5 10. Nxe5 Bxe5 11. Nf3 Bc7 12. Be2 Bg4 13. h3 Bh5 14. Nh2 Qd6
15. g3 Bg6 16. Bf3 Ne4 17. Qe2 h5 18. h4 Nxg3 19. fxg3 Qxg3+ 20. Kf1 Bf5 21.
Qf2 Qxh2 22. Bxd5 Bd3+ 23. Re2 Bxe2+ 24. Kxe2 Qxf2+ 25. Kxf2 Rab8 26. e4 b6 27.
Bd2 Kh7 28. Kg2 Rbd8 29. Rf1 f6 30. Rf5 g6 31. Rf2 f5 32. Bg5 Rb8 33. exf5 Rxf5
34. Rxf5 gxf5 35. Bf7 Rf8 36. Bxh5 Bd8 37. Kf3 Bxg5 38. hxg5 Kg7 39. Kf4 Rh8
40. Bf3 Kg6 41. b3 Rh4+ 0-1

[Event "DVM U20w 2018"]
[Site "Osnabrück GER"]
[Date "2018.12.30"]
[Round "7"]
[White "Wagner, Swenja"]
[Black "Mylke, Sandy-Michelle"]
[Result "1-0"]
[Termination "normal"]
[Board "4.3"]
[WhiteElo "1749"]
[BlackElo "1188"]
[WhiteTeam "SC Borussia Lichtenberg"]
[BlackTeam "Leegebrucher SF"]
[PlyCount "41"]
[WhiteFideId "12900494"]
[BlackFideId "16235045"]
[EventCountry "GER"]
[EventRounds "7"]
[EventType "team-swiss"]
[EventDate "2018.12.26"]

1. e4 e5 2. Nc3 Nc6 3. Bc4 Bc5 4. d3 d6 5. Na4 Bb6 6. Nxb6 axb6 7. c3 Nf6 8.
Bg5 h6 9. Bh4 O-O 10. Ne2 Bd7 11. f4 Qe7 12. f5 Na5 13. Bb3 c5 14. O-O Nc6 15.
Qd2 b5 16. Ng3 Ra7 17. Nh5 Kh7 18. Rf3 Na5 19. Bc2 Bc6 20. Rg3 Rg8 21. Bxf6 1-0

[Event "DVM U20w 2018"]
[Site "Osnabrück GER"]
[Date "2018.12.30"]
[Round "7"]
[White "Pietsch, Virginia-Atlanta"]
[Black "Fricke, Edna Marlene"]
[Result "1/2-1/2"]
[Termination "normal"]
[Board "4.4"]
[WhiteElo "1240"]
[BlackElo "1390"]
[WhiteTeam "Leegebrucher SF"]
[BlackTeam "SC Borussia Lichtenberg"]
[PlyCount "89"]
[WhiteFideId "16235053"]
[BlackFideId "12988839"]
[EventCountry "GER"]
[EventRounds "7"]
[EventType "team-swiss"]
[EventDate "2018.12.26"]

1. d4 d5 2. c4 e6 3. Nc3 c5 4. e3 Nf6 5. Nf3 Nc6 6. cxd5 Nxd5 7. Bb5 Bd7 8. O-O
Nxc3 9. bxc3 a6 10. Ba4 b5 11. Bc2 Rb8 12. Bd2 c4 13. Be4 a5 14. Qc2 Ne7 15.
Ne5 Nd5 16. Rfb1 Qc7 17. Bf3 Bd6 18. Ng4 f5 19. Bxd5 exd5 20. Ne5 Bxe5 21. dxe5
Qxe5 22. Rb2 O-O 23. Rab1 Ra8 24. Re1 Rf6 25. f4 Qe4 26. Qxe4 dxe4 27. Rd1 Bc6
28. Be1 Kf7 29. Bh4 Re6 30. Rbd2 b4 31. Rc1 b3 32. Ra1 g6 33. Rb1 bxa2 34. Rxa2
Rd6 35. Kf2 Ke6 36. Rb6 Kd7 37. Rab2 Rd3 38. Bf6 Rd5 39. Bd4 Kc7 40. Ke2 Kd7
41. Be5 a4 42. Bd4 a3 43. Ra2 Rb5 44. Rxb5 Bxb5 45. Bc5 1/2-1/2

[Event "DVM U20w 2018"]
[Site "Osnabrück GER"]
[Date "2018.12.30"]
[Round "7"]
[White "La, Quynh Trang"]
[Black "Rosmait, Emily"]
[Result "0-1"]
[Termination "normal"]
[Board "5.1"]
[WhiteElo "1583"]
[BlackElo "1911"]
[WhiteTeam "SG Trier"]
[BlackTeam "TuRa Harksheide von 1945 Norderstedt"]
[PlyCount "118"]
[WhiteFideId "16275276"]
[BlackFideId "12937754"]
[EventCountry "GER"]
[EventRounds "7"]
[EventType "team-swiss"]
[EventDate "2018.12.26"]

1. d4 Nf6 2. Nf3 e6 3. c4 Bb4+ 4. Bd2 Qe7 5. a3 Bxd2+ 6. Nbxd2 d5 7. e3 O-O 8.
Bd3 Nbd7 9. O-O e5 10. dxe5 Nxe5 11. Nxe5 Qxe5 12. Qc2 Bg4 13. cxd5 Qxd5 14.
Ne4 Nd7 15. Ng3 h6 16. h3 Be6 17. Be4 Qb5 18. Qxc7 Nc5 19. Qe5 Bc4 20. Nh5 Ne6
21. Qxb5 Bxb5 22. Rfc1 Rab8 23. a4 Ba6 24. b4 b6 25. Ng3 Bb7 26. Bxb7 Rxb7 27.
Rab1 Rd8 28. Rd1 Rxd1+ 29. Rxd1 Rc7 30. Kf1 Rc4 31. Rb1 a5 32. bxa5 bxa5 33.
Ra1 Nc5 34. Ne2 Rxa4 35. Rxa4 Nxa4 36. Nc1 Nc5 37. Ke2 Kf8 38. Kd1 Ke7 39. Kc2
Kd6 40. Kb2 Kd5 41. f3 Kc4 42. e4 Kd4 43. Nb3+ Nxb3 44. Kxb3 Ke3 45. Ka4 g5 46.
Kxa5 Kf2 47. Kb5 Kxg2 48. Kc5 Kxf3 49. Kd5 Kf4 50. Kd4 h5 51. e5 g4 52. hxg4
hxg4 53. Kd3 Kxe5 54. Ke3 f5 55. Ke2 Ke4 56. Kf2 f4 57. Ke2 g3 58. Kf1 Kf3 59.
Kg1 g2 0-1

[Event "DVM U20w 2018"]
[Site "Osnabrück GER"]
[Date "2018.12.30"]
[Round "7"]
[White "Giede, Anna-Blume"]
[Black "Schwalbach, Kathrin"]
[Result "1-0"]
[Termination "normal"]
[Board "5.4"]
[WhiteElo "1569"]
[BlackElo "1083"]
[WhiteTeam "TuRa Harksheide von 1945 Norderstedt"]
[BlackTeam "SG Trier"]
[PlyCount "89"]
[WhiteFideId "12921980"]
[BlackFideId "16275284"]
[EventCountry "GER"]
[EventRounds "7"]
[EventType "team-swiss"]
[EventDate "2018.12.26"]

1. d4 d5 2. Bf4 Nc6 3. e3 a6 4. c3 Bf5 5. Bd3 e6 6. Nf3 Bd6 7. Bxd6 Qxd6 8. Qc2
Bxd3 9. Qxd3 f6 10. Nbd2 e5 11. dxe5 Nxe5 12. Nxe5 fxe5 13. e4 Nf6 14. exd5
Qxd5 15. Qxd5 Nxd5 16. O-O O-O-O 17. Ne4 Nf6 18. Nxf6 gxf6 19. Rad1 e4 20. Rfe1
Rhe8 21. Kf1 f5 22. Ke2 f4 23. g3 f3+ 24. Ke3 c5 25. Rxd8+ Kxd8 26. Rd1+ Kc7
27. h4 h5 28. Rd5 Kc6 29. Rxh5 b6 30. Rh6+ Kb7 31. h5 Rg8 32. Rg6 Re8 33. h6 b5
34. g4 b4 35. cxb4 c4 36. h7 Kc7 37. Rg8 Rxg8 38. hxg8=Q Kb6 39. Qxc4 a5 40.
bxa5+ Kxa5 41. Qb3 Ka6 42. Kxe4 Ka5 43. Kd5 Ka6 44. Kc5 Ka5 45. Qb5# 1-0

[Event "DVM U20w 2018"]
[Site "Osnabrück GER"]
[Date "2018.12.30"]
[Round "7"]
[White "Kohl, Natalie"]
[Black "Rudolph, Eva"]
[Result "1/2-1/2"]
[Termination "normal"]
[Board "6.1"]
[WhiteElo "1474"]
[BlackElo "1796"]
[WhiteTeam "Meuselwitzer SV"]
[BlackTeam "Düsseldorfer SK"]
[PlyCount "101"]
[WhiteFideId "12967408"]
[BlackFideId "16200594"]
[EventCountry "GER"]
[EventRounds "7"]
[EventType "team-swiss"]
[EventDate "2018.12.26"]

1. e4 c5 2. c3 e6 3. d4 d5 4. exd5 exd5 5. Be2 Nf6 6. Nf3 Bd6 7. O-O O-O 8. Bg5
Be6 9. Re1 h6 10. Be3 Ne4 11. Nbd2 Qc7 12. Qc2 Bf5 13. Bd3 Nxd2 14. Bxf5 Nxf3+
15. gxf3 Bxh2+ 16. Kh1 c4 17. Qd2 Qd6 18. f4 Qf6 19. Bh3 Bxf4 20. Bxf4 Qh4 21.
Kh2 Nc6 22. Rg1 Kh8 23. Rg4 Qf6 24. Rag1 Rg8 25. f3 b5 26. Qg2 h5 27. Be5 Nxe5
28. dxe5 Qxe5+ 29. f4 Qf6 30. Rg3 Qxf4 31. Qxd5 g6 32. Rf1 Qh4 33. Rxf7 Rae8
34. Qd2 g5 35. Qf2 Re6 36. Qf5 Re2+ 37. Rg2 Qf4+ 38. Qxf4 Rxg2+ 39. Bxg2 gxf4
40. Rxf4 Rd8 41. Rh4 a6 42. Rxh5+ Kg7 43. Rd5 Re8 44. Bf3 Re1 45. Rd7+ Kf8 46.
Kg3 Ke8 47. Ra7 Rb1 48. Bc6+ Kd8 49. Rxa6 Rxb2 50. Be4 b4 51. cxb4 1/2-1/2

[Event "DVM U20w 2018"]
[Site "Osnabrück GER"]
[Date "2018.12.30"]
[Round "7"]
[White "Sokolowski, Judith"]
[Black "Meyer, Jessica"]
[Result "1-0"]
[Termination "normal"]
[Board "6.2"]
[WhiteElo "1589"]
[BlackElo "1383"]
[WhiteTeam "Düsseldorfer SK"]
[BlackTeam "Meuselwitzer SV"]
[PlyCount "37"]
[WhiteFideId "16200624"]
[BlackFideId "16230019"]
[EventCountry "GER"]
[EventRounds "7"]
[EventType "team-swiss"]
[EventDate "2018.12.26"]

1. e4 c5 2. c3 d5 3. exd5 Qxd5 4. d4 Nf6 5. Nf3 e6 6. Be3 cxd4 7. cxd4 Nc6 8.
Nc3 Bb4 9. Bd3 Bxc3+ 10. bxc3 b6 11. O-O O-O 12. Qc2 h6 13. c4 Qd6 14. a3 Bb7
15. Rfb1 Rab8 16. Qd2 g5 17. Bxg5 Nh7 18. Bxh6 Rfe8 19. Ng5 1-0

[Event "DVM U20w 2018"]
[Site "Osnabrück GER"]
[Date "2018.12.30"]
[Round "7"]
[White "Biele, Johanna"]
[Black "Garbuz, Nicole"]
[Result "1/2-1/2"]
[Termination "normal"]
[Board "6.3"]
[WhiteElo "1390"]
[BlackElo "1666"]
[WhiteTeam "Meuselwitzer SV"]
[BlackTeam "Düsseldorfer SK"]
[PlyCount "43"]
[WhiteFideId "16242211"]
[BlackFideId "12990701"]
[EventCountry "GER"]
[EventRounds "7"]
[EventType "team-swiss"]
[EventDate "2018.12.26"]

1. d4 Nf6 2. Bf4 g6 3. e3 Bg7 4. Nf3 d6 5. Bd3 O-O 6. h3 Nbd7 7. O-O Qe8 8. Bh2
e5 9. dxe5 dxe5 10. e4 Nc5 11. Bxe5 Nfxe4 12. Bxg7 Kxg7 13. Re1 Qa4 14. b3 Qd7
15. Bf1 Re8 16. Qd4+ Kg8 17. b4 Qxd4 18. Nxd4 Nd7 19. f3 Nd6 20. Nc3 a6 21. Nd5
Rxe1 22. Rxe1 1/2-1/2

[Event "DVM U20w 2018"]
[Site "Osnabrück GER"]
[Date "2018.12.30"]
[Round "7"]
[White "Paulweber, Lara Maria"]
[Black "Neumann, Tina"]
[Result "1/2-1/2"]
[Termination "normal"]
[Board "6.4"]
[WhiteElo "1483"]
[BlackElo "1501"]
[WhiteTeam "Düsseldorfer SK"]
[BlackTeam "Meuselwitzer SV"]
[PlyCount "43"]
[WhiteFideId "12954411"]
[BlackFideId "16212371"]
[EventCountry "GER"]
[EventRounds "7"]
[EventType "team-swiss"]
[EventDate "2018.12.26"]

1. e4 d5 2. exd5 Qxd5 3. Nc3 Qa5 4. d4 Nf6 5. Bc4 Bf5 6. Nf3 c6 7. Bd2 e6 8.
Nd5 Qd8 9. Nxf6+ gxf6 10. Bb3 Qc7 11. Qe2 Nd7 12. Nh4 Bg6 13. Nxg6 hxg6 14. g3
O-O-O 15. O-O-O Bh6 16. f4 f5 17. Bc3 Rhe8 18. Rd3 Bg7 19. Qd2 Nf6 20. Qe1 Nd5
21. Bxd5 Rxd5 22. Qd2 1/2-1/2